000 00548nam a2200217Ia 4500
003 OSt
005 20220923230813.0
006 a|||||r|||| 00| 0
007 ta
008 Pun
024 _a305,676
037 _cTextual
040 _aARTS
_cARTS
_bPun
041 _2Pun
_aPun
082 _aQ8441:21x, 153J1
100 _aFਾਨ, ਹਰਨਾਮ ਸਿੰਘ
245 0 _aਅਮਰ ਬਾਣੀ
260 _c1951
942 _hQ8441:21x, 153J1
_cTEXL
_2CC
999 _c387466
_d387466